Cóputo de votos y declaratorias de elección 2006. Provincia de Heredia:alcaldías, síndicos(as) y concejales de distrito
Guardado en:
| Format: | Texto |
|---|---|
| Fag: | |
| Tags: |
Tilføj Tag
Ingen Tags, Vær først til at tagge denne postø!
|
MARC
| LEADER | 00000 a a2200000 04500 | ||
|---|---|---|---|
| 001 | 42829 | ||
| 003 | |||
| 040 | |||
| 245 | |a Cóputo de votos y declaratorias de elección 2006. Provincia de Heredia:alcaldías, síndicos(as) y concejales de distrito | ||
| 650 | |a ELECCIONES | ||
| 650 | |a VOTACION | ||
| 650 | |a GOBIERNO LOCAL | ||
| 650 | |a HEREDIA | ||
| 773 | |g volumen4, Núm. 4,(2006) | ||
| 999 | |c 31110 |d 31110 | ||
